000 00632nam a2200277Ia 4500
005 20260324125128.0
008 008 260324s9999 xx 000 0 eng d
020 _a9780429074356
037 _aEBOOK
040 _aCRL
040 _beng
040 _cCRL
041 _2eng
041 _aeng
084 _qCRL
100 _aAshfaque Ahmed
_91176806
245 0 _aSoftware Testing as a Service
260 _bTaylor and Francis
260 _c2009
365 _a
365 _b195
856 _uhttp://www.taylorfrancis.com/books/9780429074356
942 _cEBOOK
999 _c1771777
_d1771777